Central Library OPAC University of Rajshahi

A modern philosophy of education / (Record no. 20353)

MARC details
000 -LEADER
fixed length control field 00699nam a22002412 4500
001 - CONTROL NUMBER
control field 20353
003 - CONTROL NUMBER IDENTIFIER
rucl marc code BD-RjUL
005 - DATE AND TIME OF LATEST TRANSACTION
control field 20211209000544.0
008 - FIXED-LENGTH DATA ELEMENTS--GENERAL INFORMATION
fixed length control field 140227s19541929enk 001 0 eng
035 ## - SYSTEM CONTROL NUMBER
System control number (BD-RjUL)20415
040 ## - CATALOGING SOURCE
Original cataloging agency DLC
Transcribing agency FHM
Modifying agency BD-RjUL
Language of cataloging eng
041 ## - LANGUAGE CODE
Language code of text/sound track or separate title eng
082 ## - DEWEY DECIMAL CLASSIFICATION NUMBER
Classification number 370.1
Author mark and year THM 1954
100 1# - MAIN ENTRY--PERSONAL NAME
Personal name Thomson, Godfrey H.
Fuller form of name (Godfrey Hilton),
Dates associated with a name 1881-1955.
9 (RLIN) 62741
245 12 - TITLE STATEMENT
Title A modern philosophy of education /
Statement of responsibility, etc. by Godfrey H. Thomson.
260 ## - PUBLICATION, DISTRIBUTION, ETC. (IMPRINT)
Place of publication, distribution, etc. London :
Name of publisher, distributor, etc. G. Allen & Unwin, ltd.,
Date of publication, distribution, etc. 1929 [Impression 1954].
300 ## - PHYSICAL DESCRIPTION
Pagination 283 p. ;
Size 20 cm.
504 ## - BIBLIOGRAPHY, ETC. NOTE
Bibliography, etc Includes index.
650 #0 - SUBJECT ADDED ENTRY--TOPICAL TERM
Topical term or geographic name as entry element Education.
9 (RLIN) 62742
942 ## - ADDED ENTRY ELEMENTS (KOHA)
Source of classification or shelving scheme Dewey Decimal Classification
Koha item type Books
Holdings
Lost status Source of classification or shelving scheme Damaged status Not for loan Collection code Permanent Location Current Location Shelving location Date acquired Source of acquisition Cost, normal purchase price Total Checkouts Full call number Date last seen Copy number Koha item type
  Dewey Decimal Classification   Not For Loan Non-fiction Central Library, University of Rajshahi Central Library, University of Rajshahi Reading Room 06/04/1956 Allies Books 10.20   370.1 THM 1954 27/02/2014 C-1 Books
  Dewey Decimal Classification     Non-fiction Central Library, University of Rajshahi Central Library, University of Rajshahi   21/09/1957 Shadullah khan     370.1 THM 1954 03/01/2017 C-2 Books